000 00395cam a22001337a 4500
008 180718b1975 xxu||||| |||| 00| 0 eng d
082 _aI5537 Si15
100 _aSiegel, Paul
245 _aStrategic planning of management information systems
_cby Paul Siegel
260 _aNew York
_bPetrocell Books
_c1975
300 _a354p.
500 _aPound 10.50
650 _aInformation System, Management
999 _c352819
_d352819